[Event "TOP 16"]
[Site "Clichy"]
[Date "2007.06.01"]
[Round "9.2"]
[White "Wirig, Anthony"]
[Black "Degraeve, Jean-Marc"]
[Result "1/2-1/2"]
[WhiteElo "2443"]
[BlackElo "2549"]
[PlyCount "42"]
[EventDate "2007.??.??"]
[WhiteTeam "Mulhouse"]

1. d4 Nf6 2. Nf3 g6 3. c4 Bg7 4. g3 d5 5. cxd5 Nxd5 6. Bg2 Nb6 7. Nc3 O-O 8.
O-O Nc6 9. e3 Re8 10. d5 Na5 11. Nd4 Bd7 12. b3 Rc8 13. Bb2 c5 14. dxc6 Nxc6
15. Nxc6 Bxc6 16. Rc1 Bxg2 17. Kxg2 Qxd1 18. Rfxd1 Red8 19. Rxd8+ Rxd8 20. Rd1
Rxd1 21. Nxd1 Bxb2 1/2-1/2

[Event "TOP 16"]
[Site "Clichy"]
[Date "2007.06.01"]
[Round "9.3"]
[White "Eliet, Nicolas"]
[Black "Bricard, Emmanuel"]
[Result "1/2-1/2"]
[WhiteElo "2464"]
[BlackElo "2472"]
[PlyCount "26"]
[EventDate "2007.??.??"]
[WhiteTeam "Gonfreville"]
[BlackTeam "Mulhouse"]

1. d4 f5 2. Nc3 Nf6 3. Bg5 d5 4. Bxf6 exf6 5. e3 Be6 6. Nge2 Qd7 7. Nf4 Bf7 8.
a3 Nc6 9. Qf3 Ne7 10. Nd3 Ng6 11. h4 h5 12. g3 c6 13. Bh3 Be6 1/2-1/2

[Event "TOP 16"]
[Site "Clichy"]
[Date "2007.06.01"]
[Round "9.4"]
[White "Riff, Jean-Noel"]
[Black "Rausis, Igors"]
[Result "1/2-1/2"]
[WhiteElo "2468"]
[BlackElo "2537"]
[PlyCount "26"]
[EventDate "2007.??.??"]
[WhiteTeam "Mulhouse"]

1. e4 e5 2. Nf3 Nc6 3. Bb5 a6 4. Ba4 Nf6 5. O-O b5 6. Bb3 Bb7 7. d3 Be7 8. Nc3
O-O 9. Re1 d6 10. a3 Na5 11. Ba2 c5 12. Ne2 Bc8 13. Ng3 Be6 1/2-1/2

[Event "TOP 16"]
[Site "Clichy"]
[Date "2007.06.01"]
[Round "9.5"]
[White "Vallin, Guillaume"]
[Black "Georgiev, Vladimir"]
[Result "1/2-1/2"]
[WhiteElo "2418"]
[BlackElo "2540"]
[PlyCount "117"]
[EventDate "1.??.??"]
[WhiteTeam "Gonfreville"]
[BlackTeam "Mulhouse"]

1. d4 Nf6 2. c4 e6 3. Nf3 d5 4. e3 a6 5. Nc3 dxc4 6. Bxc4 b5 7. Bd3 Bb7 8. Qe2
Nbd7 9. a4 b4 10. Nb1 e5 11. Nxe5 Nxe5 12. dxe5 Ng4 13. Bb5+ c6 14. Bxc6+ Bxc6
15. Qxg4 h5 16. Qd4 Qg5 17. Rg1 Rd8 18. Qf4 Qg6 19. Qc4 Bxg2 20. Nd2 h4 21. h3
Rh5 22. b3 Rxe5 23. Qxh4 Be7 24. Qf4 Rc5 25. Bb2 Qc2 26. Bd4 g5 27. Qg4 Bb7 28.
Qd1 Qxd1+ 29. Kxd1 Rc6 30. Ke2 Re6 31. Nf3 Bd5 32. Nxg5 Rc6 33. Rad1 Rc2+ 34.
Kd3 Rxf2 35. Ne4 Rh2 36. Rg8+ Kd7 37. Nc5+ Kd6 38. Rxd8+ Bxd8 39. Rf1 a5 40.
Ne4+ Kd7 41. Nf6+ Bxf6 42. Rxf6 Bxb3 43. Ra6 Bxa4 44. Rxa5 Bd1 45. Ra7+ Ke6 46.
Ra6+ Kd7 47. Ra7+ Kc6 48. Kc4 b3 49. Ra1 Be2+ 50. Kxb3 Rxh3 51. Ra5 Bb5 52. Ra7
Rf3 53. Kb4 Bd3 54. Kc3 Bf1 55. Ra1 f5 56. Ra5 Bb5 57. Kb4 Rf1 58. Ra1 Rxa1 59.
Bxa1 1/2-1/2

[Event "TOP 16"]
[Site "Clichy"]
[Date "2007.06.01"]
[Round "9.6"]
[White "Leburgue, Sylvain"]
[Black "Collas, Didier"]
[Result "1/2-1/2"]
[WhiteElo "2235"]
[BlackElo "2472"]
[PlyCount "42"]
[EventDate "2007.??.??"]
[WhiteTeam "Mulhouse"]

1. e4 c5 2. Nf3 e6 3. d4 cxd4 4. Nxd4 a6 5. Bd3 Bc5 6. Nb3 Be7 7. O-O d6 8. f4
Nd7 9. Qf3 Ngf6 10. Kh1 Qc7 11. Bd2 b6 12. Nc3 Bb7 13. Rae1 h6 14. Qh3 e5 15.
fxe5 dxe5 16. Qg3 g6 17. Qf3 Qd6 18. Nd5 Nxd5 19. Qxf7+ Kd8 20. exd5 Bxd5 21.
Qf2 h5 1/2-1/2

[Event "TOP 16"]
[Site "Clichy"]
[Date "2007.06.01"]
[Round "9.7"]
[White "Collas, Silvia"]
[Black "Schmitt, Fabien"]
[Result "1-0"]
[WhiteElo "2401"]
[BlackElo "2164"]
[PlyCount "59"]
[EventDate "1.??.??"]
[WhiteTeam "Gonfreville"]
[BlackTeam "Mulhouse"]

1. Nf3 Nf6 2. c4 c5 3. Nc3 e6 4. g3 b6 5. Bg2 Bb7 6. O-O d6 7. d4 cxd4 8. Qxd4
Nc6 9. Qf4 Qb8 10. Rd1 Be7 11. b3 O-O 12. e4 Ne5 13. Ba3 Ng6 14. Qe3 Rd8 15.
Nd4 Ne8 16. Rd2 Bf6 17. Rad1 a6 18. h4 Ra7 19. h5 Nf8 20. f4 h6 21. Nde2 Ba8
22. Kh2 b5 23. e5 b4 24. Bxb4 Rad7 25. Ba5 Bxg2 26. Kxg2 Be7 27. Bxd8 Qxd8 28.
Qf3 dxe5 29. Rxd7 Nxd7 30. Qc6 1-0

[Event "TOP 16"]
[Site "Clichy"]
[Date "2007.06.01"]
[Round "9.8"]
[White "Muller, Anne"]
[Black "Payen, Arnaud"]
[Result "0-1"]
[WhiteElo "2187"]
[BlackElo "2378"]
[PlyCount "76"]
[EventDate "1.??.??"]
[WhiteTeam "Mulhouse"]

1. e4 e5 2. Nf3 Nc6 3. Bc4 Nf6 4. d3 h6 5. O-O d6 6. c3 g6 7. d4 Qe7 8. dxe5
Nxe5 9. Nxe5 dxe5 10. Qe2 Bg7 11. b3 O-O 12. Ba3 c5 13. Nd2 a6 14. Qe3 b6 15.
Rfd1 Bb7 16. Be2 Rfd8 17. f3 Nh5 18. Nc4 Nf4 19. Bf1 Qc7 20. Qe1 f5 21. exf5
gxf5 22. Ne3 Rf8 23. Bc4+ Kh8 24. Nd5 Bxd5 25. Bxd5 Ra7 26. Bb2 Qe7 27. Rd2 Qg5
28. Kh1 Bf6 29. Rad1 Rg7 30. Qf1 c4 31. bxc4 e4 32. fxe4 Be5 33. Rf2 Qh4 34. h3
Nh5 35. Rf3 Ng3+ 36. Rxg3 Qxg3 37. Qg1 f4 38. Be6 f3 0-1

[Event "TOP 16"]
[Site "Clichy"]
[Date "2007.06.01"]
[Round "9.1"]
[White "Kotronias, Vasilios"]
[Black "Naiditsch, Arkadij"]
[Result "*"]
[WhiteElo "2570"]
[BlackElo "2654"]
[PlyCount "83"]
[EventDate "2007.??.??"]
[WhiteTeam "Antibes"]
[BlackTeam "Clichy"]

1. e4 e5 2. Nf3 Nc6 3. Bb5 a6 4. Ba4 Nf6 5. O-O Be7 6. Re1 b5 7. Bb3 d6 8. c3
O-O 9. h3 Bb7 10. d4 Re8 11. Ng5 Rf8 12. Nf3 Re8 13. Nbd2 Bf8 14. a4 Na5 15.
Bc2 b4 16. d5 bxc3 17. bxc3 c6 18. c4 Qc7 19. Ba3 Reb8 20. Nh2 Bc8 21. Rc1 g6
22. Qf3 Nd7 23. Ng4 h5 24. Ne3 Bh6 25. Rcd1 Nc5 26. Kh1 Bd7 27. Rg1 Kg7 28.
Nf5+ gxf5 29. exf5 Rh8 30. Bxc5 dxc5 31. d6 Qd8 32. Ne4 Qh4 33. Qc3 Bxf5 34.
Qxe5+ Kg6 35. d7 Nxc4 36. Qxc5 Bxe4 37. Qxc6+ Kg7 38. Bxe4 Ne5 39. Qc3 Qxe4 40.
Rge1 Qg6 41. Rd5 Kh7 42. Qf3 *

[Event "TOP 16"]
[Site "Clichy"]
[Date "2007.06.01"]
[Round "9.3"]
[White "³, Anatoly"]
[Black "Apicella, Manuel"]
[Result "1/2-1/2"]
[WhiteElo "2545"]
[BlackElo "2555"]
[PlyCount "41"]
[EventDate "2007.??.??"]
[WhiteTeam "Antibes"]
[BlackTeam "Clichy"]

1. d4 d5 2. c4 e6 3. Nc3 c6 4. e4 Bb4 5. Bd3 dxe4 6. Bxe4 Nf6 7. Bf3 Nbd7 8.
Nge2 e5 9. O-O O-O 10. Be3 exd4 11. Bxd4 Re8 12. Ng3 Bc5 13. Nce4 Bxd4 14. Qxd4
Ne5 15. Qxd8 Nxf3+ 16. gxf3 Rxd8 17. Nxf6+ gxf6 18. Rfd1 Be6 19. b3 Kf8 20. Kf1
Ke7 21. Ke2 1/2-1/2

[Event "TOP 16"]
[Site "Clichy"]
[Date "2007.06.01"]
[Round "9.4"]
[White "Fressinet, Laurent"]
[Black "Acher, Mathieu"]
[Result "1-0"]
[WhiteElo "2644"]
[BlackElo "2363"]
[PlyCount "101"]
[EventDate "2007.??.??"]
[WhiteTeam "Clichy"]

1. e4 e6 2. d4 d5 3. Nc3 Nf6 4. e5 Nfd7 5. f4 c5 6. Nf3 Nc6 7. Be3 a6 8. Qd2 b5
9. Bd3 Qb6 10. dxc5 Bxc5 11. Bxc5 Nxc5 12. Qf2 b4 13. Ne2 a5 14. O-O Ba6 15. f5
exf5 16. Nf4 Ne7 17. e6 O-O 18. exf7+ Rxf7 19. Rae1 Qd6 20. Ng5 Rf6 21. Rxe7
Qxe7 22. Nxd5 Qa7 23. Nxf6+ gxf6 24. Bxa6 Nxa6 25. Qxa7 Rxa7 26. Ne6 Kf7 27.
Nd4 Rd7 28. Nxf5 Nc5 29. Ne3 a4 30. Rf5 Ne4 31. Rb5 Rd4 32. Rd5 Rxd5 33. Nxd5
a3 34. b3 Ke6 35. Nxb4 Ke5 36. c4 Kd4 37. Nc2+ Kc3 38. Nxa3 Kb2 39. Nb5 Kxa2
40. Nd4 Kb2 41. g4 Kc3 42. Ne6 Kxb3 43. c5 Kc4 44. c6 Kd5 45. c7 Nd6 46. Ng7
Nc8 47. Kf2 h6 48. Kg3 Kd6 49. Kh4 Kxc7 50. Ne8+ Kd8 51. Nxf6 1-0

[Event "TOP 16"]
[Site "Clichy"]
[Date "2007.06.01"]
[Round "9.5"]
[White "Perez, Flavio"]
[Black "Tregubov, Pavel V"]
[Result "*"]
[WhiteElo "2223"]
[BlackElo "2615"]
[PlyCount "33"]
[EventDate "2007.??.??"]
[WhiteTeam "Antibes"]
[BlackTeam "Clichy"]

1. e4 c5 2. Nc3 e6 3. g3 d5 4. Bg2 d4 5. Nce2 Nc6 6. d3 Nf6 7. f4 Be7 8. Nf3
Qc7 9. O-O O-O 10. h3 Rd8 11. g4 c4 12. e5 cxd3 13. Qxd3 Nd7 14. Nfxd4 Ndxe5
15. Qe3 Nxd4 16. Nxd4 Rxd4 17. Qxd4 *

[Event "TOP 16"]
[Site "Clichy"]
[Date "2007.06.01"]
[Round "9.6"]
[White "Edouard, Romain"]
[Black "Stoppa, Omar"]
[Result "0-1"]
[WhiteElo "2447"]
[BlackElo "2227"]
[PlyCount "44"]
[EventDate "2007.??.??"]
[WhiteTeam "Clichy"]

1. e4 e6 2. d4 d5 3. Nc3 Bb4 4. e5 c5 5. a3 Ba5 6. Qg4 Ne7 7. dxc5 Bxc3+ 8.
bxc3 O-O 9. Bd3 Nbc6 10. Nf3 f5 11. exf6 Rxf6 12. Bg5 e5 13. Qh4 e4 14. Bxf6
gxf6 15. Qxf6 exd3 16. cxd3 Bf5 17. Ng5 Qf8 18. Qxf8+ Rxf8 19. Kd2 Ne5 20. Rhe1
N7c6 21. Re3 Bxd3 22. Rxd3 Rxf2+ 0-1

[Event "TOP 16"]
[Site "Clichy"]
[Date "2007.06.01"]
[Round "9.7"]
[White "Cochet, Caroline"]
[Black "David, Alberto"]
[Result "0-1"]
[WhiteElo "2059"]
[BlackElo "2525"]
[PlyCount "128"]
[EventDate "2007.??.??"]
[WhiteTeam "Antibes"]
[BlackTeam "Clichy"]

1. e4 c5 2. Nf3 g6 3. d4 Bg7 4. Nc3 cxd4 5. Nxd4 Nc6 6. Be3 d6 7. Bc4 Nf6 8. f3
O-O 9. Bb3 Bd7 10. O-O Rc8 11. Kh1 a6 12. Nd5 Nxd5 13. Bxd5 Qc7 14. c3 Ne5 15.
Qe2 Nc4 16. Bxc4 Qxc4 17. Qd2 Rfe8 18. Ne2 b5 19. b3 Qc7 20. Rac1 Qb7 21. Bd4
e5 22. Be3 Be6 23. Rfd1 Red8 24. Bg5 Rd7 25. Qe3 d5 26. exd5 Rxd5 27. Rd3 f6
28. Rxd5 Qxd5 29. Bh4 Rd8 30. Be1 Bf8 31. c4 bxc4 32. Rxc4 Qd3 33. Qxd3 Rxd3
34. Rc3 Rd1 35. Rc1 Rd8 36. Kg1 Bh6 37. f4 exf4 38. Rc6 Bg4 39. Nc3 f3 40. gxf3
Bxf3 41. Rxf6 Bb7 42. Re6 Kf7 43. Bh4 Rd7 44. Re1 Bd2 45. Rd1 Rd4 46. Bf2 Rg4+
47. Bg3 Be3+ 48. Kf1 Rd4 49. Rxd4 Bxd4 50. Ne2 Bc5 51. Nc3 Bd4 52. Ne2 Bf6 53.
Be1 Ke6 54. Bc3 Be7 55. Kf2 Bd6 56. h3 Kd5 57. Ke3 g5 58. Bf6 h6 59. Nc3+ Ke6
60. Bg7 h5 61. Ne2 Bg2 62. h4 gxh4 63. Nf4+ Kf7 64. Nxg2 h3 0-1

[Event "TOP 16"]
[Site "Clichy"]
[Date "2007.06.01"]
[Round "9.3"]
[White "Schlosser, Philipp"]
[Black "Lautier, Joel"]
[Result "1/2-1/2"]
[WhiteElo "2565"]
[BlackElo "2661"]
[PlyCount "37"]
[EventDate "2007.??.??"]
[WhiteTeam "Bischwiller"]
[BlackTeam "Paris Chess 15"]

1. c4 c5 2. Nf3 Nc6 3. d4 cxd4 4. Nxd4 Nf6 5. g3 Qb6 6. Nb5 a6 7. N5c3 e6 8.
Bg2 Be7 9. O-O O-O 10. Na4 Qc7 11. Nbc3 d6 12. Be3 Nd7 13. Rc1 Nce5 14. b3 Re8
15. Qd2 Rb8 16. Ba7 Ra8 17. Be3 Rb8 18. Ba7 Ra8 19. Be3 1/2-1/2

[Event "TOP 16"]
[Site "Clichy"]
[Date "2007.06.01"]
[Round "9.4"]
[White "Bauer, Christian"]
[Black "Heinz, Timothee"]
[Result "1-0"]
[WhiteElo "2629"]
[BlackElo "2289"]
[PlyCount "171"]
[EventDate "2007.??.??"]
[WhiteTeam "Paris Chess 15"]

1. c4 Nf6 2. Nc3 c5 3. g3 d5 4. cxd5 Nxd5 5. Bg2 Nc7 6. Qa4+ Qd7 7. Qxd7+ Nxd7
8. Nf3 e5 9. d3 b6 10. Bh3 f6 11. O-O Be7 12. Nd2 Bb7 13. Nc4 Nf8 14. a4 Bc6
15. Nb5 Nfe6 16. Be3 Kf7 17. Nxc7 Nxc7 18. f4 exf4 19. Bxf4 Ne6 20. Bd2 Bd5 21.
Ne5+ Ke8 22. e4 Bb3 23. Nc6 Nd4 24. Nxd4 cxd4 25. a5 Kf7 26. e5 Be6 27. Bg2
Rac8 28. axb6 axb6 29. Ra7 Rhd8 30. exf6 gxf6 31. Re1 Rd7 32. Rxd7 Bxd7 33.
Bd5+ Kf8 34. Bh6+ Ke8 35. Kf2 Rc5 36. Bf3 Bf5 37. Bf4 Kd8 38. g4 Bxd3 39. Rd1
Rc2+ 40. Kg3 Bg6 41. Rxd4+ Ke8 42. Ra4 Kd7 43. Rd4+ Ke8 44. b4 Rc3 45. Kf2 Rc2+
46. Ke1 Rb2 47. Bd2 Bc2 48. Bc6+ Kf8 49. Bc3 Rb1+ 50. Kd2 Bb3 51. Bf3 Rf1 52.
Ke2 Rc1 53. Bd2 Ra1 54. h4 Ra2 55. Be4 Bg8 56. Kd1 Ra1+ 57. Ke2 Ra2 58. h5 Kg7
59. Bf5 Ra7 60. Be3 Ra4 61. Rd7 Kf8 62. Rb7 Rxb4 63. Rb8+ Kg7 64. h6+ Kf7 65.
Bd3 Rxg4 66. Rxb6 Bd8 67. Rb8 Ba5 68. Kf3 Rb4 69. Rc8 Bb6 70. Bc4+ Rxc4 71.
Rxc4 Bxe3 72. Kxe3 Ke6 73. Rg4 Bf7 74. Rg7 f5 75. Kf4 Kf6 76. Rxh7 Kg6 77. Rg7+
Kf6 78. Rg1 Bg6 79. Re1 Bh7 80. Rg1 Bg6 81. Rg3 Kf7 82. Kg5 f4 83. Kxf4 Kf6 84.
Rg1 Bd3 85. Rg7 Bf5 86. Ra7 1-0

[Event "TOP 16"]
[Site "Clichy"]
[Date "2007.06.01"]
[Round "9.5"]
[White "Mensch, Etienne"]
[Black "Guliyev, Namig"]
[Result "0-1"]
[WhiteElo "2348"]
[BlackElo "2590"]
[PlyCount "110"]
[EventDate "2007.??.??"]
[WhiteTeam "Bischwiller"]
[BlackTeam "Paris Chess 15"]

1. d4 d5 2. c4 dxc4 3. Nf3 Nf6 4. e3 e6 5. Bxc4 a6 6. O-O b5 7. Bb3 Bb7 8. a4
Nbd7 9. Qe2 c5 10. Rd1 Qb8 11. axb5 axb5 12. Rxa8 Bxa8 13. dxc5 Nxc5 14. Bc2
Bd6 15. Nc3 b4 16. Nb5 Be7 17. Nbd4 O-O 18. Bd2 b3 19. Bb1 Bd5 20. Rc1 Rd8 21.
h3 g6 22. Be1 Nfe4 23. Nd2 Nxd2 24. Bxd2 Qb7 25. Qb5 e5 26. Qxb7 Bxb7 27. Ba5
Ra8 28. Rxc5 Bxc5 29. Nxb3 Bd5 30. Be4 Bxe4 31. Nxc5 Bxg2 32. Bc3 Bc6 33. Bxe5
Ra1+ 34. Kh2 f5 35. h4 Kf7 36. Bc3 Rh1+ 37. Kg3 Rg1+ 38. Kh3 Bb5 39. Nb3 Bf1+
40. Kh2 Rg2+ 41. Kh1 Rg4 42. Nd4 Rxh4+ 43. Kg1 Ba6 44. f3 Bc8 45. b4 g5 46. b5
Rh6 47. Ba5 Rd6 48. Bc7 Rd5 49. b6 f4 50. Kf2 h5 51. Nc6 Rd2+ 52. Ke1 fxe3 53.
Ne5+ Ke6 54. Nc4 Rf2 55. Bd8 Ba6 0-1

[Event "TOP 16"]
[Site "Clichy"]
[Date "2007.06.01"]
[Round "9.6"]
[White "Abergel, Thal"]
[Black "Schmitt, Andre"]
[Result "1-0"]
[WhiteElo "2498"]
[BlackElo "2302"]
[PlyCount "49"]
[EventDate "2007.??.??"]
[WhiteTeam "Paris Chess 15"]

1. e4 c5 2. Nc3 g6 3. d4 Bg7 4. dxc5 Qa5 5. Bd2 Qxc5 6. Nd5 Na6 7. Nf3 e6 8.
Bc3 Bxc3+ 9. Nxc3 Nc7 10. Qd2 f5 11. exf5 gxf5 12. O-O-O Nf6 13. Qg5 Qe7 14.
Qg3 Qc5 15. Qh4 Rf8 16. Ng5 Qe7 17. Be2 b6 18. Bf3 Rb8 19. Rhe1 Bb7 20. Qf4 Qd8
21. Nxe6 Nxe6 22. Rxe6+ Kf7 23. Red6 Bxf3 24. Qxf3 Kg8 25. Qxf5 1-0

[Event "TOP 16"]
[Site "Clichy"]
[Date "2007.06.01"]
[Round "9.8"]
[White "Martsynovskaya, Marina"]
[Black "Lallemand, Roza"]
[Result "0-1"]
[WhiteElo "2227"]
[BlackElo "2222"]
[PlyCount "80"]
[EventDate "2007.??.??"]
[WhiteTeam "Paris Chess 15"]

1. e4 g6 2. Nc3 Bg7 3. d4 d6 4. Nf3 c6 5. h3 Nf6 6. Be3 b5 7. a3 Qc7 8. Qd2
Nbd7 9. g4 e5 10. g5 Nh5 11. d5 a6 12. dxc6 Qxc6 13. O-O-O Bf8 14. Nd5 Bb7 15.
h4 Nc5 16. Bxc5 Qxc5 17. Nxe5 dxe5 18. Nb6 Qc7 19. Nxa8 Bxa8 20. Rh3 Be7 21.
Rc3 Bc6 22. Qd5 Bxd5 23. Rxc7 Be6 24. c4 Bd8 25. Rb7 O-O 26. cxb5 axb5 27. Bxb5
h6 28. Bd7 Nf4 29. Bxe6 Nxe6 30. gxh6 Bxh4 31. Rd5 Bxf2 32. Rxe5 Be3+ 33. Kb1
Bxh6 34. a4 Bf4 35. Rd5 g5 36. a5 g4 37. Rh5 g3 38. Rh4 Kg7 39. b4 Kf6 40. Rb5
Rg8 0-1

[Event "TOP 16"]
[Site "Clichy"]
[Date "2007.06.02"]
[Round "10.1"]
[White "Fressinet, Laurent"]
[Black "Palac, Mladen"]
[Result "1-0"]
[WhiteElo "2644"]
[BlackElo "2568"]
[PlyCount "85"]
[EventDate "2007.??.??"]

1. d4 Nf6 2. c4 e6 3. Nf3 d5 4. Nc3 Bb4 5. cxd5 exd5 6. Bg5 h6 7. Bh4 g5 8. Bg3
Ne4 9. Nd2 Nxc3 10. bxc3 Bxc3 11. Rc1 Bb2 12. Bxc7 Qe7 13. Bd6 Qd8 14. Bc7 Qe7
15. Bd6 Qd8 16. Rb1 Qxd6 17. Rxb2 Nc6 18. e3 Bf5 19. Be2 b6 20. O-O O-O 21. Nb1
Na5 22. Ba6 Nc4 23. Re2 Bxb1 24. Bxc4 dxc4 25. Qxb1 Rac8 26. Rc1 Rc7 27. Rec2
Rfc8 28. Qb5 Qc6 29. a4 c3 30. Qxc6 Rxc6 31. Kf1 Rc4 32. Ra1 Rb4 33. Ra3 a5 34.
Rcxc3 Rxc3 35. Rxc3 Rxa4 36. Rb3 Ra1+ 37. Ke2 g4 38. e4 Rg1 39. g3 a4 40. Rxb6
a3 41. Ra6 Ra1 42. Ra8+ Kg7 43. e5 1-0

[Event "TOP 16"]
[Site "Clichy"]
[Date "2007.06.02"]
[Round "10.2"]
[White "Tkachiev, Vladislav"]
[Black "Pelletier, Yannick"]
[Result "0-1"]
[WhiteElo "2652"]
[BlackElo "2602"]
[PlyCount "136"]
[EventDate "2007.??.??"]

1. d4 Nf6 2. c4 e6 3. g3 d5 4. Nf3 Be7 5. Bg2 O-O 6. O-O dxc4 7. Qc2 a6 8. a4
Bd7 9. Qxc4 Bc6 10. Bf4 a5 11. Nc3 Na6 12. Ne5 Bxg2 13. Kxg2 Nd5 14. Rad1 Nxf4+
15. gxf4 Nb4 16. e3 Bd6 17. Nf3 Qe8 18. Rg1 Qc6 19. b3 Ra6 20. Rc1 Kh8 21. Rgd1
Qe8 22. Qb5 c6 23. Qe2 f6 24. Kh1 Nd5 25. Ne4 Bc7 26. Nc5 Rb6 27. Rg1 Bd6 28.
Nd2 Bxc5 29. Rxc5 Rb4 30. Rxa5 Qe7 31. Rc5 e5 32. Rc4 exd4 33. Rxb4 Qxb4 34.
Qd3 dxe3 35. fxe3 Qc5 36. Ne4 Qe7 37. Qd4 Re8 38. Nc5 b6 39. Nd3 Qxe3 40. Qxe3
Rxe3 41. Rg3 Re4 42. Kg1 Nxf4 43. Nxf4 Rxf4 44. Rc3 c5 45. a5 bxa5 46. Rxc5 h6
47. Rxa5 Rb4 48. Ra3 Kh7 49. Kf2 g5 50. Ke1 Kg6 51. Kd2 Rh4 52. Ra1 Rxh2+ 53.
Kd3 Rb2 54. Kc3 Re2 55. b4 f5 56. b5 f4 57. b6 Re8 58. b7 Rb8 59. Rb1 Kf5 60.
Kd3 Kg4 61. Ke2 Kg3 62. Kf1 f3 63. Rb5 g4 64. Kg1 h5 65. Kf1 h4 66. Kg1 Kh3 67.
Kf2 g3+ 68. Kxf3 Ra8 0-1

[Event "TOP 16"]
[Site "Clichy"]
[Date "2007.06.02"]
[Round "10.3"]
[White "Tregubov, Pavel"]
[Black "Godena, Michele"]
[Result "1/2-1/2"]
[WhiteElo "2615"]
[BlackElo "2558"]
[PlyCount "109"]
[EventDate "2007.??.??"]

1. d4 Nf6 2. Nf3 d5 3. c4 e6 4. Nc3 c6 5. Bg5 h6 6. Bh4 dxc4 7. e4 g5 8. Bg3 b5
9. Be2 Bb7 10. h4 g4 11. Ne5 Nbd7 12. Nxd7 Qxd7 13. Be5 Qe7 14. Bxg4 Rg8 15.
Bf3 Nd7 16. Bg3 O-O-O 17. Qc2 e5 18. d5 Nc5 19. O-O-O Nd3+ 20. Kb1 Kb8 21. Be2
cxd5 22. Bxd3 cxd3 23. Qxd3 d4 24. Nd5 Qe6 25. Rhe1 Bd6 26. f4 Qg6 27. fxe5
Qxg3 28. exd6 Qxd3+ 29. Rxd3 Rxd6 30. Nf4 f6 31. e5 fxe5 32. Rxe5 a6 33. g3 Rc8
34. a3 Rc7 35. Ne2 Rg7 36. Kc1 Rgd7 37. Kd2 Ka7 38. b4 Bg2 39. Ke1 Bh3 40. Nf4
Bg4 41. Kd2 Rc6 42. a4 bxa4 43. Ra3 Rc3 44. Rxa4 Rxg3 45. b5 Rf7 46. Rxd4 Rb3
47. bxa6 Bc8 48. Nd3 Bxa6 49. Ra5 Rb5 50. Ra3 Rf6 51. Nb4 Kb7 52. Nxa6 Rxa6 53.
Rd7+ Kc8 54. Rxa6 Kxd7 55. Rxh6 1/2-1/2

[Event "TOP 16"]
[Site "Clichy"]
[Date "2007.06.02"]
[Round "10.4"]
[White "Kazhgaleyev, Murtas"]
[Black "Naiditsch, Arkadij"]
[Result "1/2-1/2"]
[WhiteElo "2603"]
[BlackElo "2654"]
[PlyCount "157"]
[EventDate "2007.??.??"]

1. d4 Nf6 2. c4 g6 3. Nc3 d5 4. cxd5 Nxd5 5. e4 Nxc3 6. bxc3 Bg7 7. Qa4+ Nd7 8.
Be3 O-O 9. Rd1 c5 10. Bd3 Nb6 11. Qa3 cxd4 12. cxd4 f5 13. Nf3 fxe4 14. Bxe4
Qd6 15. Qc5 Rb8 16. O-O Bf5 17. Nd2 Qxc5 18. dxc5 Na4 19. Bxf5 gxf5 20. Nb3 f4
21. Bc1 e5 22. Rd7 Rf7 23. Rfd1 Bf8 24. Ba3 Rc8 25. Rd8 Rxd8 26. Rxd8 Kg7 27.
Re8 Re7 28. Ra8 Rd7 29. h4 b5 30. c6 Rd1+ 31. Kh2 Bxa3 32. c7 Nb6 33. Rxa7 Be7
34. Rb7 Nc8 35. Rb8 Rd6 36. Rxc8 Rc6 37. Nd2 Bd6 38. Rb8 Bxc7 39. Rxb5 Kf6 40.
Rb7 Kf5 41. f3 h5 42. Ne4 Bd8 43. Kh3 Rc1 44. g3 fxg3 45. Nxg3+ Ke6 46. Rb8 Be7
47. Rb6+ Kd5 48. Rb7 Bc5 49. Nxh5 Rh1+ 50. Kg4 Bf2 51. Kf5 Rxh4 52. Nf6+ Kc6
53. Rb3 Bd4 54. Ng4 Kd6 55. Ra3 Rh1 56. Ra6+ Kd5 57. Ra5+ Kd6 58. Ra6+ Kd5 59.
Ra5+ Kd6 60. Nf6 Rf1 61. Ra3 Re1 62. Ne4+ Kd5 63. Rb3 Ra1 64. Rb5+ Kc6 65. Ra5
Rf1 66. Ra3 Kd5 67. Ng5 Re1 68. Ne6 Kc4 69. Ng5 Kd5 70. Ra8 Re3 71. a4 Ra3 72.
a5 Kc6 73. a6 Kb6 74. Ke4 Rxa6 75. Rxa6+ Kxa6 76. Nf7 Bg1 77. Nxe5 Bh2 78. Ng4
Bg3 79. Kd5 1/2-1/2

[Event "TOP 16"]
[Site "Clichy"]
[Date "2007.06.02"]
[Round "10.5"]
[White "Apicella, Manuel"]
[Black "Cornette, Mathieu"]
[Result "1-0"]
[WhiteElo "2555"]
[BlackElo "2490"]
[PlyCount "85"]
[EventDate "2007.??.??"]

1. e4 c5 2. Nf3 Nc6 3. d4 cxd4 4. Nxd4 Nf6 5. Nc3 d6 6. Be2 g6 7. Nb3 Bg7 8.
O-O O-O 9. Bg5 a6 10. Re1 b5 11. Bf1 Ne5 12. a4 b4 13. Nd5 Nxd5 14. exd5 Qc7
15. a5 h6 16. Be3 Bf5 17. Nd4 Bd7 18. h3 Nc4 19. Bc1 Rfe8 20. b3 Qc5 21. Bxc4
Bxd4 22. Be3 Bxe3 23. Rxe3 Ra7 24. Qd2 h5 25. Re4 Bf5 26. Rh4 e6 27. Re1 Rae7
28. dxe6 Bxe6 29. Bxe6 Rxe6 30. Rxe6 Rxe6 31. Rxb4 d5 32. Rb8+ Kg7 33. Rb6 d4
34. Rxe6 fxe6 35. Qe2 Kf6 36. Qc4 Qd6 37. b4 h4 38. b5 axb5 39. Qxb5 Qa3 40.
Qb8 e5 41. Qd8+ Kf7 42. Qd5+ Kf8 43. Qf3+ 1-0

[Event "TOP 16"]
[Site "Clichy"]
[Date "2007.06.02"]
[Round "10.6"]
[White "Fontaine, Robert"]
[Black "Edouard, Romain"]
[Result "1/2-1/2"]
[WhiteElo "2567"]
[BlackElo "2447"]
[PlyCount "190"]
[EventDate "2007.??.??"]

1. Nf3 c5 2. c4 Nc6 3. d4 cxd4 4. Nxd4 Nf6 5. Nc3 e6 6. a3 Be7 7. g3 d5 8. Bg2
O-O 9. O-O h6 10. cxd5 exd5 11. Bf4 Bg4 12. Qd3 Qd7 13. Rfd1 Rad8 14. Rac1 Rfe8
15. Nxc6 bxc6 16. Rd2 Bf8 17. b4 a5 18. Qd4 axb4 19. axb4 Rc8 20. Na4 Qb7 21.
Nb6 c5 22. bxc5 Bxc5 23. Rxc5 Qxb6 24. Rxc8 Rxc8 25. f3 Qxd4+ 26. Rxd4 Be6 27.
Kf2 Ne8 28. h4 Rc2 29. g4 Nf6 30. Bf1 Nd7 31. Kg3 f6 32. Rd2 Rxd2 33. Bxd2 Kf7
34. Kf2 Ne5 35. Bc3 Nc4 36. Bd4 Kg6 37. h5+ Kf7 38. Kg3 Nd2 39. Bg2 Ke8 40. Bc3
Nc4 41. f4 Nd6 42. f5 Bf7 43. Bb4 Nc4 44. Kf4 Ne5 45. Bf1 d4 46. Bc5 Bc4 47.
Bxd4 Nf7 48. Ke3 Bd5 49. Bc3 Kf8 50. Kd4 Bh1 51. Bb4+ Kg8 52. Bd2 Nd6 53. Bf4
Nf7 54. Bc7 Ng5 55. Ke3 Kh8 56. Kf4 Kh7 57. Ba5 Kh8 58. Kg3 Kh7 59. Bb4 Kh8 60.
Ba3 Nf7 61. Bc1 Kh7 62. Bf4 Bd5 63. e3 Ng5 64. Bc7 Bf3 65. Kf4 Bd5 66. Be2 Kh8
67. Bd3 Nh3+ 68. Kg3 Ng5 69. Kf2 Bf3 70. Be2 Bxe2 71. Kxe2 Kg8 72. Kd3 Kf7 73.
Bd6 Nh7 74. Kd4 Ng5 75. Kd5 Nh7 76. Bf4 Nf8 77. Kd6 Nh7 78. e4 Nf8 79. Bg3 Nh7
80. Bh4 Nf8 81. e5 fxe5 82. Kxe5 Nd7+ 83. Ke4 Nc5+ 84. Kf3 Nd7 85. Bg3 Kf6 86.
Kf4 Kf7 87. Bf2 Kf6 88. Bd4+ Kf7 89. Ke4 Nf8 90. f6 g6 91. hxg6+ Kxg6 92. Ke5
Nd7+ 93. Ke6 Nxf6 94. Bxf6 h5 95. gxh5+ Kxh5 1/2-1/2

[Event "TOP 16"]
[Site "Clichy"]
[Date "2007.06.02"]
[Round "10.7"]
[White "David, Alberto"]
[Black "Guidarelli, Laurent"]
[Result "1-0"]
[WhiteElo "2525"]
[BlackElo "2458"]
[PlyCount "71"]
[EventDate "2007.??.??"]

1. e4 c5 2. Nf3 Nc6 3. Bb5 d6 4. O-O Bd7 5. c3 Nf6 6. Re1 e6 7. d4 cxd4 8. cxd4
d5 9. exd5 Nxd5 10. Nc3 Nxc3 11. bxc3 a6 12. Bd3 Be7 13. Rb1 b5 14. a4 bxa4 15.
Be4 O-O 16. Qxa4 Qc7 17. Qc2 h6 18. Qe2 Bd6 19. c4 f5 20. Bc2 Bb4 21. Bd2 Bxd2
22. Qxd2 Rad8 23. Qc3 Na7 24. d5 exd5 25. Re7 Rf7 26. Rxf7 Kxf7 27. Ne5+ Kg8
28. Nxd7 Rxd7 29. Bxf5 Re7 30. Qd3 dxc4 31. Qd5+ Kf8 32. Bh7 Rf7 33. Qa8+ Nc8
34. Rb8 Rd7 35. Rxc8+ Kf7 36. Rxc7 1-0